000 00887nam a22001937a 4500
999 _c62922
_d62922
003 Ge_BSU
005 20250320150254.0
008 250320s1986 ge ||||| |||| 00| 0 geo d
041 _ageo
080 _a616(075.32) მ-43
100 _aმაჭავარიანი, შ.
_924644
245 _aინტენსიური თერაპია და რეანიმატოლოგია :
_b [სახელმძღვ. საშ. სამედ. სასწ. მოსწავლეთათვის] /
_cშ. მაჭავარიანი.
264 _aთბილისი :
_bგანათლება,
_c1986.
300 _a411 გვ. :
_bილ. ;
_c22 სმ.
653 _aრეანიმატოლოგია
653 _aრეანიმატოლოგია
653 _aმედიცინა
942 _2udc
_cᲬᲘᲒᲜᲘ